000 01340nam a2200241Ia 4500
999 _c49960
_d49960
001 16896
003 GE_BSU
005 20200203114642.0
008 181216s2015 xx |||||||||||||| ||geo||
020 _a9789941462054
040 _cGE_BSU
041 _ageo
080 _a1(479.223)(063) ფ-56
245 _aფილოსოფიის საკითხები :
_bკრებული ეძღვნება აკად.კოტე ბაქრაძის დაბადებიდან 115-ე წლისთავს /
_cსარედ. კოლ : ლალი ანთიძე ; ვარდო ბერიძე ; მიხეილ მახარაძე.
264 _aბათუმი :
_bშოთა რუსთაველის უნი-ტის გამ-ბა,
_c2015.
300 _a114 გვ;
_c20 სმ.
653 _aფილოსოფია
653 _aფილოსოფიის საკითხები
700 _aანთიძე, ლალი
_eსარედაქციო კოლეგია
_96681
700 _aბერიძე, ვარდო
_eსარედაქციო კოლეგია
_95884
700 _aმახარაძე, მიხეილ
_eსარედაქციო კოლეგია
_96682
942 _cBK
_2udc